| 000 | 00587nam a2200217Ia 4500 | ||
|---|---|---|---|
| 001 | 19076 | ||
| 008 | 140407s9999 xx 000 0 und d | ||
| 020 | _a0-13-084105-6 | ||
| 040 | _cPK-LaUMT | ||
| 082 |
_a 657.046 _bBEA-A |
||
| 100 | _aCraig D. Shoulders | ||
| 245 |
_aAdvanced accounting _cCraig D. Shoulders<>Floyd A. Beams<>John A. Brozovsky |
||
| 250 | _a7th | ||
| 260 |
_aLondon,UK: _bPrentice-Hall International, _c2000 |
||
| 300 | _a899 p. | ||
| 546 | _aEN | ||
| 650 | _aComparative accounting | ||
| 700 | _aFloyd A. Beams | ||
| 700 | _aJohn A. Brozovsky | ||
| 942 | _cBK | ||
| 999 |
_c19457 _d19457 |
||